| 000 | 01153 a2200229 4500 | ||
|---|---|---|---|
| 001 | 21209 | ||
| 005 | 20260407155503.0 | ||
| 008 | 260407a1998 arg spa d | ||
| 003 | AR-UNSa-BCEJYS | ||
| 040 |
_aAR-UNSa-BCEJYS _bspa _cAR-UNSa-BCEJYS |
||
| 080 |
_a658.3 _xPersonal. Relaciones humanas en la empresa (Recursos Humanos) |
||
| 245 | 1 | 0 |
_aRecursos humanos champions _p¿cómo pueden los recursos humanos crear valor y producir resultados? |
| 020 | _a978-950-641-244-9 | ||
| 264 | 1 |
_aBuenos Aires : _bGranica _c1998 |
|
| 300 |
_a439 p. _c22 cm. |
||
| 505 | _a1. La futura agenda para la competitividad - 2. La naturaleza cambiante de los recursos humanos: un modelo para múltiples roles - 3. Convertirse en un socio estratégico - 4. Convertirse en un experto en administración - 5. Convertirse en un adalid de los empleados - 6. Convertirse en un agente del cambio - 7. RR.HH. para RR.HH. - 8. Y ahora ¿qué? | ||
| 041 | _aspa | ||
| 942 | _cBK | ||
| 590 | _aniveau_biblio:m niveau_hierar:0 | ||
| 100 | 1 | _aUlrich, Dave | |
| 856 | 4 | 1 |
_uhttps://biblioeco.unsa.edu.ar/pmb/images/libros/Recursos Humanos Champions.jpg _yImagen de portada _qimage/jpeg |
| 999 |
_c784 _d784 |
||